| 000 | 00782nam a22002537i 4500 | ||
|---|---|---|---|
| 003 | DO-SdBNP | ||
| 005 | 20250528092855.0 | ||
| 007 | ta | ||
| 008 | 250528b2024 |||||||| |||| 00| 0 spa d | ||
| 020 | _a9789945800425 | ||
| 040 |
_aDO-SdBNP _bspa _cBNPHU _erda |
||
| 041 | _hspa | ||
| 082 |
_axxx _bM917e _222 |
||
| 100 | 1 |
_aMota Medina, Vicente _eautor _d1966- _987897 |
|
| 245 | 1 | 0 |
_aEl estado mayor : _borígenes, evolución y desarrollo en República Dominicana / _cVicente Mota Medina |
| 264 |
_aSanto Domingo : _bBúho, _c2024. |
||
| 300 |
_a401 páginas : _bilustraciones ; _c24 cm |
||
| 336 |
_ardacontent _btexto _2txt |
||
| 337 |
_ardamedia _bsin mediación _2n |
||
| 338 |
_ardacarrier _bvolumen _2nc |
||
| 590 | _aInventariado, 2025/DG | ||
| 910 | _aDG | ||
| 942 |
_2ddc _cLBS1 |
||
| 999 |
_c58526 _d58526 |
||